Cars - Sudden Death - Statistics

General Stats
  • This quiz has been taken 4,151 times
    3,380 since last reset
  • The average score is 7 of 17
Answers on the Grid
Answers color-coded by a green-red scale on the quiz's grid according to % correct below.
Bayerische Motoren Werke
Ford
Yamaha
Caterpillar
Mercedes-Benz
Aston Martin
Honda
Peterbilt
Ferrari
Maxus
JCB
Ginetta
Renault
Freightliner
Scania
Carver
Trabant
Lambretta
Zastava
Preet
Kubota
Cadillac
Messerschmitt
Shacman
Lobini
Massey Ferguson
Jawa
Merkur
Casalini
Hyundai
 
Answer Stats
Answer % Correct
Ford
94%
Mercedes-Benz
78%
Honda
74%
Ferrari
71%
Aston Martin
69%
Renault
62%
Cadillac
60%
Hyundai
59%
Bayerische Motoren Werke
48%
Trabant
16%
Ginetta
11%
Messerschmitt
7%
Zastava
7%
Merkur
6%
Carver
3%
Casalini
3%
Lobini
2%
No matching quizzes found
Score Distribution
Percent of People with Each Score
Percentile by Number Answered
Your Score History
You have not taken this quiz since the last reset